Student Workbook to Accompany Business Laws and the Regulatory Environment / Concept and Cases (Record no. 528)
[ view plain ]
| 000 -LEADER | |
|---|---|
| fixed length control field | 01310cam a22002294a 4500 |
| 005 - ΗΜΕΡΟΜΗΝΙΑ ΚΑΙ ΩΡΑ ΤΕΛΕΥΤΑΙΑΣ ΕΝΗΜΕΡΩΣΗΣ | |
| Πεδίο ελέγχου | 20250605163937.0 |
| 008 - FIXED-LENGTH DATA ELEMENTS--GENERAL INFORMATION | |
| Πεδίο ελέγχου σταθερού μήκους | 250528s ||||||||||||||||||||||||d |
| 035 ## - SYSTEM CONTROL NUMBER | |
| System control number | 14918 |
| 020 ## - ISBN | |
| ISBN | 256026041 |
| 040 ## - ΠΗΓΗ ΚΑΤΑΛΟΓΟΓΡΑΦΗΣΗΣ | |
| Φορέας πρωτότυπης καταλογογράφησης | MC Athens Campus Library |
| Γλώσσα καταλογογράφησης | Ελληνικά, Μοντέρνα (1453-) |
| Modifying agency | MC Athens Campus Library |
| Κανόνες περιγραφικής καταλογογράφησης | AACR2 |
| 245 1# - ΤΙΤΛΟΣ ΚΑΙ ΔΗΛΩΣΗ ΥΠΕΥΘΥΝΟΤΗΤΑΣ | |
| Τίτλος | Student Workbook to Accompany Business Laws and the Regulatory Environment / Concept and Cases |
| 250 ## - EDITION STATEMENT | |
| Edition statement | 5th |
| 260 ## - PUBLICATION, DISTRIBUTION, ETC. | |
| Name of publisher, distributor, etc. | Irwin Mcgraw-Hill, |
| Date of publication, distribution, etc. | 1982 |
| 300 ## - PHYSICAL DESCRIPTION | |
| Extent | 226 |
| 520 ## - SUMMARY, ETC. | |
| Summary, etc. | The Nature of Law and Its Development, Courts and Procedures, Crimes, Intentional Torts, Negligence and Strict Liability, Introduction, Offer, Acceptance, Reality of Consent, Consideration, Capacity of Parties, Illegality, Writing, Rights of Third Parties, Performance, Relation of Principal and Agent, Creation of Partnerships, Operation of Partnerships, Dissolution and Winding Up, Limited Partnerships and Related Forms, Nature of Corporations, Operating the Coorporation, The Close Coorporation, Securities Regulation, Personal Property, Bailments, Real Property, Landlord Tenant, Estates and Trusts, Product Liability, Liability of Parties, Bankrupty, The Sherman Act, Environmental Law. |
| 700 1# - ΠΡΟΣΘΕΤΗ ΑΝΑΓΡΑΦΗ--ΦΥΣΙΚΟ ΠΡΟΣΩΠΟ | |
| Personal name | Dundas Jane Mary |
| 9 (RLIN) | 717 |
| 700 1# - ΠΡΟΣΘΕΤΗ ΑΝΑΓΡΑΦΗ--ΦΥΣΙΚΟ ΠΡΟΣΩΠΟ | |
| Personal name | Lusk Harold F |
| 9 (RLIN) | 718 |
| 700 1# - ΠΡΟΣΘΕΤΗ ΑΝΑΓΡΑΦΗ--ΦΥΣΙΚΟ ΠΡΟΣΩΠΟ | |
| Personal name | Scaletta J. Philip |
| 9 (RLIN) | 719 |
| 942 ## - ADDED ENTRY ELEMENTS (KOHA) | |
| Koha item type | Books |
| Τύπος τεκμηρίου | Βιβλιοθήκη | Τρέχουσα τοποθεσία | Barcode | Αριθμός εισαγωγής | Ημερομηνία απόκτησης | Ταξιθετικό σύμβολο | Αριθμός αντιτύπου | Κατάσταση απόσυρσης | Κατάσταση χαμένου | Κατάσταση κατεστραμμένου | Μη δανεισμός | Σύνολο δανεισμών | Ημερομηνία τελευταίας εμφάνισης | Η τιμή ισχύει από |
|---|---|---|---|---|---|---|---|---|---|---|---|---|---|---|
| Books | MC Athens Campus Library | MC Athens Campus Library | 9780000005274 | 1142 | 05/06/2025 | 347.3067 LUS | 1 | 05/06/2025 | 05/06/2025 |